书目信息 |
| 题名: |
平面电路
|
|
| 作者: | 大越孝敬 , 三好旦六 著 | |
| 分册: | ||
| 出版信息: | 北京 科学出版社 1982 |
|
| 页数: | 288页 | |
| 开本: | 19cm | |
| 丛书名: | ||
| 单 册: | ||
| 中图分类: | TN454 | |
| 科图分类: | ||
| 主题词: | 微波集成电路 | |
| 电子资源: | ||
| ISBN: | ||
| 000 | 00659nam0 2200241 45 | |
| 001 | 0182006602 | |
| 005 | 20060727101852.42 | |
| 010 | @dCNY1.50 | |
| 091 | @aCN@b15031.398 | |
| 100 | @a19950306d1982 em y0chiy0121 ea | |
| 101 | 0 | @achi@cjpn |
| 102 | @aCN@b110000 | |
| 105 | @ay z 000yy | |
| 200 | 10 | @a平面电路@Aping mian dian lu@f(日)大越孝敬,(日)三好旦六著 |
| 210 | @a北京@c科学出版社@d1982 | |
| 215 | @a288页@d19cm | |
| 606 | @a微波集成电路 | |
| 690 | @aTN454@v3 | |
| 701 | 0 | @a大越孝敬@Ada yue xiao jing@4著 |
| 701 | 0 | @a三好旦六@Asan hao dan liu@4著 |
| 801 | 0 | @aCN@bTSSF@c20060727 |
| 801 | 2 | @aCN@bNLC@c20060722 |
| 905 | @a10447@dTN454@e98 | |
| 平面电路/(日)大越孝敬,(日)三好旦六著.-北京:科学出版社,1982 |
| 288页;19cm |
| ISBN :CNY1.50 |
| ● |
| 相关链接 |
|
|
|
|
正题名:平面电路
索取号:TN454/98
 
预约/预借
| 序号 | 登录号 | 条形码 | 馆藏地/架位号 | 状态 | 备注 |
| 1 | 0438180 | 204381800 | 密集书库/ [索取号:TN454/98] | 在馆 | |
| 2 | 0438727 | 204387270 | 密集书库/ [索取号:TN454/98] | 在馆 |